000 01302nam0a22003251 4500
001 RU\NLR\INFOCOMM_161\5000040972
005 20260406103055.0
035 _a(NLR Aleph) 009124595
090 _a8239618
_c8239618
100 _a20090415d1861 |||y0rusy50 ca
101 0 _afre
102 _aRU
105 _ay ||||000|y
200 1 _aCatalogue des publications de la Bibliothèque impériale publique de Saint-Pétersbourg, depuis sa fondation jusqu'en 1861, ainsi que des différents écrits qui la concernent spécialement, ou qui ont été a son profit
210 _a[St. Pétersbourg
_d[1861]
215 _aLIV, 38 с.
_d25 см
300 _aВ конце вступ. стат.: R. Minzloff
601 0 2 _aГосударственная Публичная библиотека им. Салтыкова-Щедрина
_cЛенинград
_xИздания
_jБиблиография
_2nlr_sh1
686 _aКп-85
_2rubbk
686 _aБ-620
_2rubbk
686 _a2
_2rubbk
702 1 _9z03790
_aMinclov
_bR.
_4220
710 0 2 _4070
_8fre
_aBibliothèque publique
_cPétersbourg
_7ba
_3RU\NLR\AUTH\88604
_9272042
790 1 _9z03702
_aMinzloff
_bR.
_4220
801 1 _aRU
_bNLR
_c20090415
801 0 _aRU
_bNLR
_gPSBO
852 _aNLR
_jРс H-31/С31 I
942 _cBOOK
980 _aNB